| 000 | 00467nam a2200145Ia 4500 | ||
|---|---|---|---|
| 008 | 211109s9999||||xx |||||||||||||| ||und|| | ||
| 082 |
_a894.812 _bSWA-A |
||
| 100 | _aSwaminathan, Venkit | ||
| 245 | 0 | _aAgraharathil Kazhutha | |
| 260 |
_bNiyogambooks _aKochi _c1998 |
||
| 300 | _a107 | ||
| 630 | _xGeneral stack | ||
| 650 |
_aLiterature & rhetoric _vLiteratures of other languages _xAltaic, Uralic, Hyperborean & Dravidianmalayalam literature Malayalam |
||
| 942 | _cBOOK | ||
| 999 |
_c55121 _d55121 |
||